| 000 | 00666nam a22002297a 4500 | ||
|---|---|---|---|
| 010 | _a825465 | ||
| 035 | _a825465 | ||
| 037 | _bCen Lib / Ret | ||
| 040 |
_aDPL _bEn |
||
| 082 |
_a349.54 _bSRI |
||
| 100 | _aSrinivasan's | ||
| 245 |
_aSrinivasan's Hindu law of partition and income-tax law / _cby Srinavasan's ; D. D. Seth [and] B. Malik |
||
| 250 | _a2nd ed | ||
| 260 |
_aAllahabad _bDelhi Law House _c1976 |
||
| 270 |
_aDelhi Law House _bAllahabad _e211001 |
||
| 300 |
_axlvi, 584p. _b24cm(Hb) |
||
| 650 | _aIncome tax law | ||
| 650 | _aLaw -- India | ||
| 700 | _aSeth, D. D. | ||
| 700 | _aMalik, B. | ||
| 942 |
_2ddc _cEN _h349.54 _mSRI |
||
| 999 |
_c136826 _d136826 |
||